Introduction to logic. (Record no. 2746)
[ view plain ]
| 000 -LEADER | |
|---|---|
| fixed length control field | 01089cam a22003254a 4500 |
| 001 - CONTROL NUMBER | |
| control field | 16464199 |
| 003 - CONTROL NUMBER IDENTIFIER | |
| control field | 20160510121716.0 |
| 005 - DATE AND TIME OF LATEST TRANSACTION | |
| control field | 20240606080900.0 |
| 008 - FIXED-LENGTH DATA ELEMENTS--GENERAL INFORMATION | |
| fixed length control field | 100917s2011 njua 001 0 eng |
| 010 ## - LIBRARY OF CONGRESS CONTROL NUMBER | |
| LC control number | 2010036272 |
| 020 ## - INTERNATIONAL STANDARD BOOK NUMBER | |
| International Standard Book Number | 0205820379 (alk. paper) |
| 020 ## - INTERNATIONAL STANDARD BOOK NUMBER | |
| International Standard Book Number | 9780205820375 (alk. paper) |
| 035 ## - SYSTEM CONTROL NUMBER | |
| System control number | (OCoLC)ocn664519533 |
| 040 ## - CATALOGING SOURCE | |
| Original cataloging agency | DLC |
| Transcribing agency | DLC |
| Modifying agency | YDX |
| -- | YDXCP |
| -- | CDX |
| -- | DLC |
| 042 ## - AUTHENTICATION CODE | |
| Authentication code | pcc |
| 050 00 - LIBRARY OF CONGRESS CALL NUMBER | |
| Classification number | BC108 |
| Item number | .C69 2011 |
| 082 00 - DEWEY DECIMAL CLASSIFICATION NUMBER | |
| Classification number | 160 |
| Edition information | 22 |
| 100 1# - MAIN ENTRY--PERSONAL NAME | |
| Personal name | Copi, Irving M. |
| 245 10 - TITLE STATEMENT | |
| Title | Introduction to logic. |
| 250 ## - EDITION STATEMENT | |
| Edition statement | 14th ed. / |
| Remainder of edition statement | Irving M. Copi, Carl Cohen, Kenneth McMahon. |
| 260 ## - PUBLICATION, DISTRIBUTION, ETC. | |
| Place of publication, distribution, etc. | Upper Saddle River, NJ : |
| Name of publisher, distributor, etc. | Pearson Education, |
| Date of publication, distribution, etc. | c2011. |
| 300 ## - PHYSICAL DESCRIPTION | |
| Extent | xxii, 627 p. : |
| Other physical details | ill. ; |
| Dimensions | 27 cm. |
| 500 ## - GENERAL NOTE | |
| General note | Includes index. |
| 650 #0 - SUBJECT ADDED ENTRY--TOPICAL TERM | |
| Topical term or geographic name entry element | Logic |
| Form subdivision | Textbooks. |
| 700 1# - ADDED ENTRY--PERSONAL NAME | |
| Personal name | Cohen, Carl, |
| Dates associated with a name | 1931- |
| 700 1# - ADDED ENTRY--PERSONAL NAME | |
| Personal name | McMahon, K. D. |
| Fuller form of name | (Kenneth D.) |
| 906 ## - LOCAL DATA ELEMENT F, LDF (RLIN) | |
| a | 7 |
| b | cbc |
| c | orignew |
| d | 1 |
| e | ecip |
| f | 20 |
| g | y-gencatlg |
| 942 ## - ADDED ENTRY ELEMENTS (KOHA) | |
| Source of classification or shelving scheme | Library of Congress Classification |
| Koha item type | Books |
| Withdrawn status | Lost status | Source of classification or shelving scheme | Damaged status | Not for loan | Home library | Current library | Date acquired | Total checkouts | Full call number | Barcode | Date last seen | Date last checked out | Price effective from | Koha item type |
|---|---|---|---|---|---|---|---|---|---|---|---|---|---|---|
| Library of Congress Classification | Murang'a University of Technology Library | Murang'a University of Technology Library | 10/05/2016 | 1 | BC108 .C69 2011 | 002866 | 30/08/2024 | 08/04/2017 | 10/05/2016 | Books |